| 000 | 01315nas1a22002891i 4500 | ||
|---|---|---|---|
| 001 | RU\NLR\INFOCOMM29\5000543771 | ||
| 005 | 20260407001259.0 | ||
| 035 | _a(NLR Aleph) 002285496 | ||
| 090 |
_a4082891 _c4082891 |
||
| 100 | _a20050819a20029999|||y0rusy50 ca | ||
| 101 | 0 | _arus | |
| 102 | _aRU | ||
| 110 | _aafuzz 0|y| | ||
| 200 | 1 |
_aСоциальное обслуживание _eПроф. науч.-практ. и метод. журн. |
|
| 210 |
_aМ. _cБ. и. _d2002 - |
||
| 712 | 0 | 2 |
_4570 _aАссоциация работников социальных служб _cМосква _3RU\NLR\AUTH\889991581 _9479122 |
| 801 | 1 |
_aRU _bInfoComm _c20050819 |
|
| 801 | 0 |
_aRU _bNLR _gPSBO |
|
| 852 |
_aNLR _jП23/5485 |
||
| 942 | _cJOURNAL | ||
| 980 | _aRUSPER | ||